000 00779nam 22002173 4500
001 202864
090 _a202864
100 _a20240306d u||y0pory50 ba
200 _a77 poema
_fAlberto de Lacerda
_etranslated by Alberto de Lacerda, Arthur Waley
210 _aLondon
_cGeorge Allen& Unwin ltd
_dcop.1955
215 _a85, [3] p.
_cencadernado
_d20 cm
225 _aPoetas de hoje
_v13
300 _aContém dedicatória na folha de rosto Notas do Prof. Dr. Almeida Faria na folha de guarda
606 _923
_aLiteratura Portuguesa
_xPoesia
610 _aEm língua Inglesa
675 _a821.134.3-1
_vGB
_zeng
700 _95861
_aLacerda
_bAlberto de
_f1928-2007
702 _917710
_aWaley
_bArthur
_f1889-1966
801 _aPT
_bBMMN
_gRPC
830 _cAna Falardo
_fAna Falardo
990 _cLIVROS